Discursos leídos ante la Academia de la Historia, (Record no. 171130)

MARC details
000 -LEADER
campo de control de longitud fija 01191nam a2200181 i 4500
001 - NÚMERO DE CONTROL
campo de control 171130
003 - IDENTIFICADOR DE NÚMERO DE CONTROL
campo de control ES-MaACL
005 - FECHA Y HORA DE LA ÚLTIMA TRANSACCIÓN
campo de control 20230906214539.0
008 - DATOS DE LONGITUD FIJA--INFORMACIÓN GENERAL
campo de control de longitud fija 090429s19511955sp |||| | spa d
080 ## - NÚMERO DE LA CLASIFICACIÓN DECIMAL UNIVERSAL
Número de la Clasificación Decimal Universal 94(460)
110 2# - ENTRADA PRINCIPAL--NOMBRE DE ENTIDAD CORPORATIVA
Nombre de entidad corporativa o nombre de jurisdicción como elemento de entrada Real Academia de la Historia (España)
9 (RLIN) 6309
245 10 - MENCIÓN DEL TÍTULO
Título Discursos leídos ante la Academia de la Historia,
Fechas extremas/inclusivas 1951-1955 /
Mención de responsabilidad, etc. Real Academia de la Historia.
260 ## - PUBLICACIÓN, DISTRIBUCIÓN, ETC.
Lugar de publicación, distribución, etc. Madrid :
Nombre del editor, distribuidor, etc. [s.n.],
Fecha de publicación, distribución, etc. 1951 (
Fabricante Imp. C. bermejo)
300 ## - DESCRIPCIÓN FÍSICA
Extensión 1 v. ;
Dimensiones 25 cm.
505 8# - NOTA DE CONTENIDO CON FORMATO
Nota de contenido con formato Contiene: Alvar García de Santa María cronista de Juan II de Castilla / Francisco Cantera y Burgos (246 p.) Contestación / Francisco Javier Sánchez Cantón (p. 247-264). El concepto de la epigrafía: consideraciones sobre la necesidad de su ampliación / Joaquín María de Navascués y de Juan (83 p., il. + 7 h. de lám.). Discurso / Manuel Gómez-Moreno y Martínez (p. 85-103). Algunos aspectos del mudejarismo urbano medieval / Leopoldo Torres Balbás (85 p.). Discurso / Emilio García Gómez (p. 87-99). El drama de Mosén Jacinto / Jesús Pabón Suárez de Urbina (311 p. + 2 fot.). Discurso / Duque de Maura (p. 313-330).
852 ## - LOCALIZACIÓN
Ubicación ES-MaACL
Número de control de estantería K-138
852 ## - LOCALIZACIÓN
Ubicación ES-MaACL
Número de control de estantería F-M-III-G-H
Holdings
Estatus retirado Estado de pérdida Estado de daño No para préstamo Biblioteca de origen Biblioteca actual Ubicación en estantería Fecha de adquisición Fuente de adquisición Total de préstamos Signatura topográfica completa Código de barras Visto por última vez Precio de reemplazo Tipo de ítem Koha
        Biblioteca del Ateneo de Madrid Biblioteca del Ateneo de Madrid Administración 15/05/2005     F-M-III-G-H 1201952 23/02/2023 23/02/2023 Libro impreso
        Biblioteca del Ateneo de Madrid Biblioteca del Ateneo de Madrid Administración 29/04/2009     K-138 1179595 23/02/2023 23/02/2023 Libro impreso